000 00405nam a2200169Ia 4500
005 20240823041946.0
008 240823s9999||||xx |||||||||||||| ||und||
041 _aENGLISH
082 _A660 N3
100 _aKarunanithi m [et al]
245 0 _aApplied Chemistry
250 _a1st
260 _c1993
_b"Anuradha,Kumbakonam"
500 _aTRANSFERED
650 _aChemistry
_bChemistry
942 _cBK
999 _c206744
_d206744